000 00780nam a2200229 a 4500
005 20230905063623.0
008 050525s1996 mx r 000 0 spa d
020 _a8434408724
035 _aUPN01000139061
049 _aCG
050 4 _aGV706.4
_bW4.4
100 1 _aWeinberg, Robert S.
245 1 0 _aFundamentos de psicología del deporte y el ejercicio físico /
_bRobert S. Weinberg, Daniel Gould ; tr. Joan Soler.
260 _aBarcelona, Esp. :
_bAriel,
_c1996.
300 _axxx, 592 p.
440 0 _aAriel psicología
534 _pTraducción de:
_tFoundations of sport and exercise psychology
650 0 _aDeportes
_xAspectos psicológicos
_912171
650 4 _aEJERCICIO -
_xASPECTOS PSICOLOGICOS
_919525
700 1 _aGould, Daniel,
_ecoaut.
905 _aLibro
999 _c111209
_d111209